Music For Free Ballet Class. (Record no. 137321)

MARC details
000 -CABECERA
campo de control de longitud fija 00906njm a2200289 i 4500
001 - NÚMERO DE CONTROL
campo de control 991061739602906706
003 - IDENTIFICADOR DEL NÚMERO DE CONTROL
campo de control ES-BaIT
005 - FECHA Y HORA DE LA ÚLTIMA TRANSACCIÓN
campo de control 20260326092220.0
007 - CAMPO FIJO DE DESCRIPCIÓN FÍSICA--INFORMACIÓN GENERAL
campo de control de longitud fija sd#uu|gnnmmnuu
008 - DATOS DE LONGITUD FIJA--INFORMACIÓN GENERAL
campo de control de longitud fija 260326s1998 sp uunn n zxx c
040 ## - FUENTE DE LA CATALOGACIÓN
Centro catalogador/agencia de origen ES-BaIT
Lengua de catalogación cat
Normas de descripción rda
Centro/agencia transcriptor ES-BaIT
084 ## - OTRO NÚMERO DE CLASIFICACIÓN
Número de clasificación CD 581
100 ## - ENTRADA PRINCIPAL--NOMBRE DE PERSONA
Nombre de persona Dickson-Place, Graham
Término indicativo de función/relación compositor
9 (RLIN) 95877
245 10 - MENCIÓN DE TÍTULO
Título Music For Free Ballet Class.
Número de parte o sección de la obra 2 /
Mención de responsabilidad, etc. Graham Dickson-Place
264 #1 - PRODUCCIÓN, PUBLICACIÓN, DISTRIBUCIÓN, FABRICACIÓN Y COPYRIGHT
Producción, publicación, distribución, fabricación y copyright Madrid :
Nombre del de productor, editor, distribuidor, fabricante G. Dickson-Place,
Fecha de producción, publicación, distribución, fabricación o copyright [1998]
264 #4 - PRODUCCIÓN, PUBLICACIÓN, DISTRIBUCIÓN, FABRICACIÓN Y COPYRIGHT
Fecha de producción, publicación, distribución, fabricación o copyright ©1998
300 ## - DESCRIPCIÓN FÍSICA
Extensión 1 disc àudio (43 min.) :
Otras características físicas digital ;
Dimensiones 12 cm
336 ## - TIPO DE CONTENIDO
Término de tipo de contenido música executada
Código de tipo de contenido prm
Fuente rdacontent
337 ## - TIPO DE MEDIO
Nombre/término del tipo de medio àudio
Código del tipo de medio s
Fuente rdamedia
338 ## - TIPO DE SOPORTE
Nombre/término del tipo de soporte disc àudio
Código del tipo de soporte sd
Fuente rdacarrier
650 #4 - PUNTO DE ACCESO ADICIONAL DE MATERIA--TÉRMINO DE MATERIA
Término de materia o nombre geográfico como elemento de entrada Dansa clàssica
Subdivisión general Ensenyament
9 (RLIN) 56590
650 #7 - PUNTO DE ACCESO ADICIONAL DE MATERIA--TÉRMINO DE MATERIA
Término de materia o nombre geográfico como elemento de entrada Música de dansa clàssica
9 (RLIN) 57375
650 #7 - PUNTO DE ACCESO ADICIONAL DE MATERIA--TÉRMINO DE MATERIA
Término de materia o nombre geográfico como elemento de entrada Piano, Música per a
9 (RLIN) 57536
655 #4 - TÉRMINO DE INDIZACIÓN--GÉNERO/FORMA
Datos o término principal de género/forma Piano, Música per a
908 ## - COLOCAR PARÁMETRO DE COMANDO (RLIN)
Colocar parámetro de comando CDMAE
942 ## - ELEMENTOS DE ENTRADA AGREGADA (KOHA)
Fuente del sistema de clasificación o colocación Clasificación decimal universal
Tipo de ítem Koha Àudio
Holdings
Estado de retiro Estado de pérdida Fuente del sistema de clasificación o colocación Estado dañado No para préstamo Localización permanente Ubicación/localización actual Ubicación en estantería Fecha de adquisición Fuente de adquisición Total de préstamos Signatura topográfica completa Código de barras Fecha visto por última vez Precio válido a partir de Tipo de ítem Koha
    Clasificación decimal universal     Biblioteca Barcelona Biblioteca Barcelona BCN Àudio 26/03/2026 Donatiu   M 581 DIC 1900089986 26/03/2026 26/03/2026 Àudio

Powered by Koha